Newsies Songs - Statistics

General Stats
  • This quiz has been taken 984 times
  • The average score is 8 of 9
Answer Stats
Hint Answer % Correct
Close your eyes/ come with me/ where its clean and green and pretty/ and they went and made a city out of clay Santa Fe (prologue)
98%
Hey! Thats my cigar/ you'll steal another/ hey look its bath time at the zoo/ i thought that ide surprise my mother Carrying the Banner
96%
A pair of new shoes with matching laces/ a permanent box at the sheepshead races/ pastrami on rye with a sour pickle/ my personal puss on a wooden knickel King of New York
96%
Pulitzer and Hurst they think we're nothin, are we nothin?/ no/ Pulitzer and Hurst they think they got us, do they got us?/ no/ even though we aint got hats or badges were a union just by sayin so The World Will Know
94%
Write what you know so they say all i know is i dont know what to write or the right way to write it/ this is big lady dont screw it up/ this is not some little vandville im reviewing Watch What Happens
89%
Heres for the kids shining shoes on the street with no shoes on their feet every day/ Heres for the guys sweatin blood in the shops while the bosses and cops look away Once and for All
85%
Proud and defiant well slay the giant/ judgement day is here/ Houston to Harlem, look what's begun One for all and all for one! Seize the Day
78%
So heres how it goes once we will/ and we will be winning/ make no mistake/ we'll be what?/ we're already winning/ right?/ and we'll tell the straight up they let crutchie go or they keep getting pounded Watch What Happens (reprise)
71%
Dont take much to be a dreamer/ all you do is close your eyes/ but some made up world is all youll ever see/ and now my eyes is finally open/ and my dreams stay average sized But they don't much matter if you ain't with me Finale
61%
No matching quizzes found
Score Distribution
Percent of People with Each Score
Percentile by Number Answered
Your Score History
You have not taken this quiz